000 00463nam a22001577a 4500
003 NUST
020 _a9789698535414
_qP/B.
038 _aMuhammad Ibrahim
082 _a362.085491
_bPOS 2015
100 _aYamin, Tughral
_91533
245 _aPost-Conflict Rehabilitation:
_bInsight from Pakistan and Beyond /
260 _aIslamabad :
_bNUST,
_c2015.
300 _a273 p. ;
710 _aCenter for International Peace & Stability (NUST)
_919694
942 _2ddc
_cBK
999 _c593409
_d593409